A study on energy efficiency in wireless sensor network /
Saved in:
| Main Author: | |
|---|---|
| Format: | Thesis Book |
| Language: | English |
| Published: |
2010.
|
| Subjects: | |
| Tags: |
Add Tag
No Tags, Be the first to tag this record!
|
| LEADER | 01109cam a2200265 i 4500 | ||
|---|---|---|---|
| 001 | u852485 | ||
| 003 | SIRSI | ||
| 005 | 201203051700 | ||
| 008 | 120305s2010 my a m 000 0 eng m | ||
| 040 | |a UMM |d UMJ |e rda | ||
| 090 | |a TK7 |b UM 2010 Bas | ||
| 097 | |a TK7 |b UM 2010 Bas | ||
| 100 | 1 | |a Basahel, Ahmed Abdullah Suliman, |e author. | |
| 245 | 1 | 2 | |a A study on energy efficiency in wireless sensor network / |c Ahmed Abdullah Suliman Basahel. |
| 264 | 1 | |c 2010. | |
| 300 | |a [2] viii, 72 leaves : |b illustrations ; |c 30 cm. | ||
| 502 | |a Dissertation (M.Eng) -- Jabatan Kejuruteraan Elektrik, Fakulti Kejuruteraan, Universiti Malaya, 2010. | ||
| 504 | |a Bibliography: leaves 56-58. | ||
| 650 | 0 | |a Wireless sensor networks. | |
| 650 | 0 | |a Energy consumption |x Economic aspects. | |
| 710 | 2 | |a Universiti Malaya. |b Jabatan Kejuruteraan Elektrik. | |
| 900 | |a NHS | ||
| 596 | |a 1 7 | ||
| 999 | |a TK7 UM 2010 BAS |w LC |c 1 |i A514906235 |d 21/9/2017 |e 21/9/2017 |f 31/10/2012 |g 1 |l STACKS |m P01UTAMA |n 4 |r Y |s Y |t TESIS |u 30/10/2012 | ||
| 999 | |a TK7 UM 2010 BAS |w LC |c 1 |i A514902406 |d 3/4/2014 |f 3/4/2014 |g 1 |l STACKS |m P07JURUTER |r Y |s Y |t TESIS |u 21/3/2014 | ||
